banner-ar

LES DEBUTS DE L'ETAT MODERNE: UNE HISTOIRE DES IDEES POLITIQUES AU XIX SIECLE / (Record no. 24951)

MARC details
000 -الفاتح
حقل البيانات ثابتة الطول 00498nam a2200169Ia 4500
008 - عناصر البيانات ثابتة الطول - معلومات عامة
حقل البيانات ثابتة الطول 140319s9999 xx 000 0 eng d
040 ## - مصدر الفهرسة
وكالة الفهرسة الأصلية GCL /
وكالة النسخ GCL
082 04 - رقم تصنيف ديوى العشرى
رقم التصنيف 320.509034
رقم المادة J D
100 1# - المدخل الرئيسى - إسم شخصى
الإسم الشخصى DE JOUVENEL, BERTRAND
245 10 - بيان العنوان
العنوان LES DEBUTS DE L'ETAT MODERNE: UNE HISTOIRE DES IDEES POLITIQUES AU XIX SIECLE /
بيان المسئوليه,etc DE JOUVENEL, BERTRAND
260 ## - PUBLICATION, DISTRIBUTION, ETC. (IMPRINT)
تاريخ النشر أو التوزيع 1976
300 ## - الوصف المادى
التعداد 338 P
650 04 - المدخل الاضافى بالموضوع-مصطلح موضوعى
مصطلح موضوعي نايل سات
650 04 - المدخل الاضافى بالموضوع-مصطلح موضوعى
مصطلح موضوعي POLITICAL IDEOLOGY
942 ## - عناصر المدخل الإضافي( كوها)
مصدر التصنيف او مخطط الترفيف Dewey Decimal Classification
Koha [default] item type كتاب
260 ## - PUBLICATION, DISTRIBUTION, ETC. (IMPRINT)
-- [S.N] :
-- FAYARD ،
Holdings
حالة التراجع حالة الفقد حالة تلف ليس للاعارة المكان المؤقت الموقع الحالى تاريخ الاكتساب اجمالي اﻻعارات رقم الطلب الباركود تاريخ اخر مشاهدة تاريخ تفعيل السعر نوع وعاء كوها
        مكتبة القاهرة الكبرى مكتبة القاهرة الكبرى 03/26/2014   320.509034\J D 44072 03/26/2014 03/26/2014 كتاب

Powered By

EGPV